Sermon que en la solemne funcion hecha por el noble cuerpo de artilleros de la ciudad de Queretaro, en obsequio de su portentosa patrona y generala Maria Santisima del Pueblito, en accion de gracias por los sucesos prosperos de las armas españolas en la antigua y Nueva España. Predicó el domingo 18 de agosto de 1811 en la iglesia del Convento Grande de N. S. P. S. Francisco de dicha ciudad, Fr. Diego Miguel Bringas y Encinas, misionero apostólico, é hijo del Seminario de Propaganda Fide de la Santa Cruz, y capellan del regimiento de Dragones de San Carlos

Detalles Bibliográficos
Autor principal: Bringas de Manzaneda y Encinas, Diego Miguel fray m.1822?
Formato: Libro
Lenguaje:Spanish
Publicado: en México 1811
Materias:
Colección:Banco de datos
Acervo:Biblioteca de la Congregación del Oratorio de San Felipe Neri de México. Iglesia La Profesa
Descripción Física:[4] h., 26 p., [6] h. 4°
Tema general:Homilética
Notas:Portada tipográfica con viñeta en grabado xilográfico. Texto a renglón seguido con notas a pie de página. Incluye capitular historiada en grabado xilográfico. Encuadernación en piel sobre cartón. Daños de mutilación, falta parte inferior de la portada
LEADER 01421nam a22001930004500
035 |a 3291 
041 0 |a spa 
100 1 |a Bringas de Manzaneda y Encinas, Diego Miguel  |c fray  |d m.1822? 
245 1 0 |a Sermon que en la solemne funcion hecha por el noble cuerpo de artilleros de la ciudad de Queretaro, en obsequio de su portentosa patrona y generala Maria Santisima del Pueblito, en accion de gracias por los sucesos prosperos de las armas españolas en la antigua y Nueva España. Predicó el domingo 18 de agosto de 1811 en la iglesia del Convento Grande de N. S. P. S. Francisco de dicha ciudad, Fr. Diego Miguel Bringas y Encinas, misionero apostólico, é hijo del Seminario de Propaganda Fide de la Santa Cruz, y capellan del regimiento de Dragones de San Carlos 
260 |a en México  |b imprenta de Doña Maria Fernandez de Jauregui  |c 1811 
300 |a [4] h., 26 p., [6] h.  |c 4° 
500 |a Portada tipográfica con viñeta en grabado xilográfico. Texto a renglón seguido con notas a pie de página. Incluye capitular historiada en grabado xilográfico. Encuadernación en piel sobre cartón. Daños de mutilación, falta parte inferior de la portada 
501 |a 15 obras 
504 |a Citas 
650 1 0 |a Homilética 
949 |a Iglesia La Profesa, Biblioteca 7172-B 
942 |c PROFESA 
943 |g Biblioteca de la Congregación del Oratorio de San Felipe Neri de México. Iglesia La Profesa 
999 |c 950102  |d 950102